000 00573 a2200229 4500
020 _a0-697-06084-5
041 _aEng
082 _a371.3
_bSch56g
100 _aSchmuck, Richard A.
_918152
100 _aSchmuck, Patricia A.
_918153
245 _aGroup processes in the classroom
260 _aDubuque
_bWM. C.Brown
_cc1971
300 _axi, 156p.
504 _aBibliography: p. 144-150
518 _a2011-02-17
530 _aM
650 _aClassrooms
_917382
650 _aLeadership
650 _aCommunication
_9564
653 _aTeaching
942 _2ddc
_cGEN
999 _c58285
_d58277